000
00299nam a22001337a 4500
999
_c
531889
_d
531889
003
NUST
038
_a
waseem
082
_a
821
_b
RAK
100
_a
Rakhsha, A.B.
_9
25031
245
_a
Taah Aab /
_c
A.B. Rakhsha
260
_a
Haripur :
_b
Hamza Printers,
_c
2005.
300
_a
223 p. ;
942
_2
ddc
_c
BK